[Event "Oberliga Ost-A 1617"]
[Site "Germany"]
[Date "2017.02.18"]
[Round "6.7"]
[White "Schuh, Ruediger"]
[Black "Butscher, Daniel"]
[Result "1/2-1/2"]
[WhiteElo "2026"]
[BlackElo "2035"]
[PlyCount "99"]
[EventDate "2016.10.16"]
[EventType "team-tourn"]
[EventRounds "11"]
[EventCountry "GER"]
[SourceTitle "EXT 2018"]
[Source "ChessBase"]
[SourceDate "2017.10.13"]
[SourceVersion "1"]
[SourceVersionDate "2017.10.13"]
[SourceQuality "1"]
[WhiteTeam "Hoyerswerda"]
[BlackTeam "Dresden Gruen Weiss"]
[WhiteTeamCountry "GER"]
[BlackTeamCountry "GER"]

1. d4 Nf6 2. c4 e6 3. Nc3 Bb4 4. Qc2 0-0 5. e4 d5 6. e5 Ne4 7. Bd3 c5 8. a3 Bxc3+ 9. bxc3 Nc6 10. Ne2 cxd4 11. cxd4 Qa5+ 12. Kf1 f6 13. exf6 Nxf6 14. f4 Bd7 15. Bd2 Qc7 16. c5 Rae8 17. Kg1 Bc8 18. h3 Kh8 19. Rf1 g5 20. fxg5 Nh5 21. Rxf8+ Rxf8 22. g6 hxg6 23. Bxg6 Ng3 24. Nxg3 Qxg3 25. Qd3 Qf2+ 26. Kh2 Nxd4 27. Bc3 Qf4+ 28. Qg3 e5 29. Qxf4 Rxf4 30. Re1 Kg7 31. Bb1 Kf6 32. Kg1 Bf5 33. Ba2 Bd3 34. Bxd5 Ne2+ 35. Rxe2 Bxe2 36. Bxb7 Rf1+ 37. Kh2 Rc1 38. Bb4 Bb5 39. g4 Ke6 40. Kg3 Kd7 41. Be4 Bc6 42. Bf5+ Ke7 43. h4 Rf1 44. h5 Kf6 45. h6 Rg1+ 46. Kf2 Rg2+ 47. Ke3 Rg3+ 48. Ke2 Rg2+ 49. Ke3 Rg3+ 50. Ke2 1/2-1/2